000
00237nam a2200097Ia 4500
001
956010
005
20250826215816.0
008
250824s9999 xx 000 0 und d
245
0
_a
BAMBAŞKA
_c
KAHRAMAN TAZEOĞLU
260
_b
DESTEK YAYINLARI
999
_c
956010
_d
956010